| 000 | 00883nam a2200301Ia 4500 | ||
|---|---|---|---|
| 001 | 99470 | ||
| 003 | IT-RoPAU | ||
| 008 | 130308s9999 xx 000 0 und d | ||
| 040 | _aIT-RoPAU | ||
| 040 | _cIT-RoPAU | ||
| 041 | _aFRANCESE | ||
| 100 | _aKlein Melanie | ||
| 100 | _gCodice Aut. SPICS: 34278 | ||
| 245 | _aMonde des adultes et ses racines dans l'enfance (Le) | ||
| 245 | _bPsychologie Sociale-1-Textes Fondamentaux Anglais et Americains | ||
| 250 | _a2a ed. | ||
| 260 | _aPARIS | ||
| 260 | _bDunod/Bordas | ||
| 260 | _c1989 [1° Ed.:1965 - Ed.Ling.Originale:1959] | ||
| 300 | _a"17 p. (prefazione: no ; testo: 17 [pagine: 46-62])" | ||
| 500 | _aMondo degli Adulti e Loro radici nell'Infanzia. Processo di Socializzazione. | ||
| 650 | _aSOCIOLOGIA | ||
| 650 | _eCodice materia Spics: 3651 | ||
| 942 | _cBK | ||
| 957 | _71 | ||
| 999 |
_c42626 _d42626 |
||
| 999 | _bSI | ||
| 999 | _g1 | ||